• AIU
  • Tony Wilmot Memorial Library

The Trinity : (Record no. 68843)

MARC details
000 -LEADER
fixed length control field 01462cam a2200373 i 4500
001 - CONTROL NUMBER
control field 21480979
003 - CONTROL NUMBER IDENTIFIER
control field OSt
005 - DATE AND TIME OF LATEST TRANSACTION
control field 20260224163919.0
008 - FIXED-LENGTH DATA ELEMENTS--GENERAL INFORMATION
fixed length control field 200326s2020 ilu b 001 0 eng
010 ## - LIBRARY OF CONGRESS CONTROL NUMBER
LC control number 2020014773
020 ## - INTERNATIONAL STANDARD BOOK NUMBER
International Standard Book Number 9781433561214
Qualifying information (trade paperback)
020 ## - INTERNATIONAL STANDARD BOOK NUMBER
Cancelled/invalid ISBN 9781433561221
Qualifying information (pdf)
020 ## - INTERNATIONAL STANDARD BOOK NUMBER
Cancelled/invalid ISBN 9781433561238
Qualifying information (mobipocket)
020 ## - INTERNATIONAL STANDARD BOOK NUMBER
Cancelled/invalid ISBN 9781433561245
Qualifying information (epub)
035 ## - SYSTEM CONTROL NUMBER
System control number 21480979
040 ## - CATALOGING SOURCE
Original cataloging agency DLC
Language of cataloging eng
Transcribing agency DLC
Description conventions rda
042 ## - AUTHENTICATION CODE
Authentication code pcc
050 00 - LIBRARY OF CONGRESS CALL NUMBER
Classification number BT111.3
Item number .S945 2020
082 00 - DEWEY DECIMAL CLASSIFICATION NUMBER
Classification number 231/.044
Edition number 23
100 1# - MAIN ENTRY--PERSONAL NAME
Personal name Swain, Scott R.,
Relator term author.
9 (RLIN) 58106
245 14 - TITLE STATEMENT
Title The Trinity :
Remainder of title an introduction /
Statement of responsibility, etc Scott R. Swain.
260 ## - PUBLICATION, DISTRIBUTION, ETC. (IMPRINT)
Place of publication, distribution, etc Illinois
Name of publisher, distributor, etc Crossway
Date of publication, distribution, etc 2020
300 ## - PHYSICAL DESCRIPTION
Extent 154 p.
490 0# - SERIES STATEMENT
Series statement Short studies in systematic theology
504 ## - BIBLIOGRAPHY, ETC. NOTE
Bibliography, etc Includes bibliographical references and index.
520 ## - SUMMARY, ETC.
Summary, etc "Scott R. Swain examines the Trinity, presenting its biblical foundations, systematic-theological structure, and practical relevance for the church today"--
650 #0 - SUBJECT ADDED ENTRY--TOPICAL TERM
Topical term or geographic name as entry element Trinity.
9 (RLIN) 59184
700 1# - ADDED ENTRY--PERSONAL NAME
Personal name Cole, Graham A.
Fuller form of name (Graham Arthur),
Dates associated with a name 1949-
Relator term editor.
9 (RLIN) 16075
700 1# - ADDED ENTRY--PERSONAL NAME
Personal name Martin, Oren R.,
Relator term editor.
9 (RLIN) 59185
776 08 - ADDITIONAL PHYSICAL FORM ENTRY
Display text Online version:
Main entry heading Swain, Scott R.,
Title The Trinity
Place, publisher, and date of publication Wheaton, Illinois : Crossway, 2020.
International Standard Book Number 9781433561221
Record control number (DLC) 2020014774
906 ## - LOCAL DATA ELEMENT F, LDF (RLIN)
a 7
b cbc
c orignew
d 1
e ecip
f 20
g y-gencatlg
942 ## - ADDED ENTRY ELEMENTS (KOHA)
Source of classification or shelving scheme Library of Congress Classification
Koha item type Books
Holdings
Withdrawn status Lost status Source of classification or shelving scheme Damaged status Not for loan Collection code Home library Current library Shelving location Date acquired Source of acquisition Cost, normal purchase price Total Checkouts Full call number Barcode Date last seen Copy number Cost, replacement price Price effective from Koha item type
    Library of Congress Classification     General Circulation AIU/NEGST - Tony Wilmot Memorial Library AIU/NEGST - Tony Wilmot Memorial Library General Stacks 02/02/2026 Donation- Drew Oller 15.00   BT111.3 .S945 2020 T01480W3232 02/24/2026 1 15.00 02/24/2026 Books
    Library of Congress Classification     General Circulation AIU/NEGST - Tony Wilmot Memorial Library AIU/NEGST - Tony Wilmot Memorial Library Processing Center 02/02/2026 G - Drew Oller 15.00   BT 111.3 .S945 2020 T11087W3232 02/25/2026 2   02/25/2026 Books
    Library of Congress Classification     General Circulation AIU/NEGST - Tony Wilmot Memorial Library AIU/NEGST - Tony Wilmot Memorial Library Processing Center 02/02/2026 G - Drew Oller 15.00   BT 111.3 .S945 2020 T11088W3232 02/25/2026 3   02/25/2026 Books
    Library of Congress Classification     General Circulation AIU/NEGST - Tony Wilmot Memorial Library AIU/NEGST - Tony Wilmot Memorial Library Processing Center 02/02/2026 G - Drew Oller 15.00   BT 111.3 .S945 2020 T11090W3232 02/25/2026 4   02/25/2026 Books
    Library of Congress Classification     General Circulation AIU/NEGST - Tony Wilmot Memorial Library AIU/NEGST - Tony Wilmot Memorial Library Processing Center 02/02/2026 G - Drew Oller 15.00   BT 111.3 .S945 2020 T11085W3232 02/25/2026 5   02/25/2026 Books
    Library of Congress Classification     General Circulation AIU/NEGST - Tony Wilmot Memorial Library AIU/NEGST - Tony Wilmot Memorial Library Processing Center 02/02/2026 G - Drew Oller 15.00   BT 111.3 .S945 2020 T11081W3232 03/11/2026 6   03/11/2026 Books
    Library of Congress Classification     General Circulation AIU/NEGST - Tony Wilmot Memorial Library AIU/NEGST - Tony Wilmot Memorial Library Processing Center 02/02/2026 G - Drew Oller 15.00   BT 111.3 .S945 2020 T11084W3232 03/11/2026 7   03/11/2026 Books
    Library of Congress Classification     General Circulation AIU/NEGST - Tony Wilmot Memorial Library AIU/NEGST - Tony Wilmot Memorial Library Processing Center 02/02/2026 G - Drew Oller 15.00   BT 111.3 .S945 2020 T11083W3232 03/11/2026 8   03/11/2026 Books
    Library of Congress Classification     General Circulation AIU/NEGST - Tony Wilmot Memorial Library AIU/NEGST - Tony Wilmot Memorial Library Processing Center 02/02/2026 G - Drew Oller 15.00   BT 111.3 .S945 2020 T11080W3232 03/11/2026 9   03/11/2026 Books
    Library of Congress Classification     General Circulation AIU/NEGST - Tony Wilmot Memorial Library AIU/NEGST - Tony Wilmot Memorial Library Processing Center 02/02/2026 G - Drew Oller 15.00   BT 111.3 .S945 2020 T11073W3232 03/11/2026 10   03/11/2026 Books
    Library of Congress Classification     General Circulation AIU/NEGST - Tony Wilmot Memorial Library AIU/NEGST - Tony Wilmot Memorial Library Processing Center 02/02/2026 G - Drew Oller 15.00   BT 111.3 .S945 2020 T11075W3232 03/11/2026 11   03/11/2026 Books
    Library of Congress Classification     General Circulation AIU/NEGST - Tony Wilmot Memorial Library AIU/NEGST - Tony Wilmot Memorial Library Processing Center 02/02/2026 G - Drew Oller 15.00   BT 111.3 .S945 2020 T11078W3232 03/11/2026 12   03/11/2026 Books
    Library of Congress Classification     General Circulation AIU/NEGST - Tony Wilmot Memorial Library AIU/NEGST - Tony Wilmot Memorial Library Processing Center 02/02/2026 G - Drew Oller 15.00   BT 111.3 .S945 2020 T11077W3232 03/11/2026 13   03/11/2026 Books
    Library of Congress Classification     General Circulation AIU/NEGST - Tony Wilmot Memorial Library AIU/NEGST - Tony Wilmot Memorial Library Processing Center 02/02/2026 G - Drew Oller 15.00   BT 111.3 .S945 2020 T11072W3232 03/11/2026 14   03/11/2026 Books
    Library of Congress Classification     General Circulation AIU/NEGST - Tony Wilmot Memorial Library AIU/NEGST - Tony Wilmot Memorial Library Processing Center 02/02/2026 G - Drew Oller 15.00   BT 111.3 .S945 2020 T11071W3232 03/11/2026 15   03/11/2026 Books
    Library of Congress Classification     General Circulation AIU/NEGST - Tony Wilmot Memorial Library AIU/NEGST - Tony Wilmot Memorial Library Processing Center 02/02/2026 G - Drew Oller 15.00   BT 111.3 .S945 2020 T11074W3232 03/11/2026 16   03/11/2026 Books
    Library of Congress Classification     General Circulation AIU/NEGST - Tony Wilmot Memorial Library AIU/NEGST - Tony Wilmot Memorial Library Processing Center 02/02/2026 G - Drew Oller 15.00   BT 111.3 .S945 2020 T11076W3232 03/11/2026 17   03/11/2026 Books